A nudo! : dizionario amorevole della sessualità /

Il dizionario, rivolto sia a lettrici che lettori dai quattordici anni, sia alle persone adulte che hanno bisogno di strumenti per l'educazione sessuale, si compone di 150 parole, per ciascuna delle quali si indicano origine, definizione, esempi concreti legati all'attualità e suggerimenti di approf...

Descripció completa

Guardat en:
Dades bibliogràfiques
Autor principal: Daguzan Bernier, Myriam, (19..-) (Autor)
Altres autors: Gariépy, Cécile (Illustrador), Illuminati, Valeria (Traductor), Pederzoli, Roberta (Traductor)
Format: Llibre
Idioma:italià
Publicat: Cagli : Settenove, stampa 2024
Matèries:
Etiquetes: Afegir etiqueta
Sense etiquetes, Sigues el primer a etiquetar aquest registre!

MARC

LEADER 00000nam a22000007i 4500
001 IT\ICCU\RE2\0011840
003 ItRI
005 20260115232208.0
008 240319s2024 it |||||| |||||0|||||c
020 |a 9788898947942 
040 |b ita  |c importazione bologna sebina 
041 7 |a ita  |2 ISO-639-2 
082 |a 613.9  |9 CONTROLLO DELLE NASCITE, TECNOLOGIA DELLA RIPRODUZIONE, IGIENE SESSUALE  |2 23 
100 1 |a Daguzan Bernier, Myriam,  |d  (19..-)  |0 IT\ICCU\BMCV\001905  |4 aut 
240 1 0 |a Tout nu! : Le dictionnaire bienveillant de la sexualité  |3 IT\ICCU\RE2\0011842  |9 Daguzan Bernier, Myriam <19..-> 
245 1 0 |a A nudo! :  |b dizionario amorevole della sessualità /  |c Myriam Daguzan Bernier, Cécile Gariépy ; traduzione di Valeria Illuminati e Roberta Pederzoli. 
260 |a Cagli :  |b Settenove,  |c stampa 2024 
300 |a 267 p. :  |b ill. ;  |c 24 cm 
520 |a Il dizionario, rivolto sia a lettrici che lettori dai quattordici anni, sia alle persone adulte che hanno bisogno di strumenti per l'educazione sessuale, si compone di 150 parole, per ciascuna delle quali si indicano origine, definizione, esempi concreti legati all'attualità e suggerimenti di approfondimento sul tema attraverso film, serie tv e libri. 
650 7 |a Adolescenti  |x Educazione sessuale 
700 1 |a Gariépy, Cécile  |0 IT\ICCU\UBOV\069082  |4 ill 
700 1 |a Illuminati, Valeria  |0 IT\ICCU\UBOV\470139  |4 trl 
700 1 |a Pederzoli, Roberta  |0 IT\ICCU\UBOV\424199  |4 trl 
942 |2 ddc  |c BK  |n 0 
952 |0 0  |1 0  |4 0  |6 R_613_900000000000000_DAG  |7 0  |9 21756  |a BO  |b BO  |d 2026-01-15  |i 21107  |l 0  |o R 613.9 DAG  |p BO21107  |r 2026-01-15 23:22:08  |w 2026-01-15  |x [Sebina 5] [1 v.]  |y BK  |z 1 v. 
999 |c 18589  |d 18589